Esquilo: el creador de la tragedia

Saved in:
Bibliografiske detaljer
Hovedforfatter: Murray, Gilbert (autor)
Format: Bog
Sprog:spansk
Udgivet: Buenos Aires Espasa-Calpe 1955
Udgivelse:2a. ed
Serier:Colección Austral
Fag:
Tags: Tilføj Tag
Ingen Tags, Vær først til at tagge denne postø!

MARC

LEADER 00000cam a2200000 a 4500
001 UCQ7159
003 CL-VaPUC
008 981031e19550000AG |||||||||||||||||spa|d
082 0 4 |a 882.09  |b MUR  |2 21 
100 |a Murray, Gilbert  |e autor  |9 420997 
245 1 0 |a Esquilo: el creador de la tragedia 
250 |a 2a. ed 
300 |a 208 p 
942 |c BK 
945 |d 19981031 00:00:00  |a crobeson 
260 |a Buenos Aires  |b Espasa-Calpe  |c 1955 
600 0 |a Esquilo  |e autor   |9 269410 
650 0 |a Tragedia griega  |9 265362 
650 7 |a TEATRO GRIEGO  |2 CL-VaPUC  |9 420998 
650 7 |a LITERATURA GRIEGA  |2 CL-VaPUC  |9 258054 
650 0 |a Crítica e interpretación   |9 255042 
583 |a last modification  |c 20130321 05:48:25  |k Rodrigo Vera 
490 0 |a Colección Austral 
999 |c 276919  |d 276917 
952 |0 0  |1 0  |4 0  |6 882_090000000000000_MUR_1955  |7 0  |8 A  |9 314527  |a BIBEDU  |b BIBEDU  |d 2019-11-20  |i 1487051  |o 882.09 MUR 1955  |p 1487051  |r 2019-11-20  |w 2019-11-20  |y BK  |k LIT 
952 |0 0  |1 0  |4 0  |6 882_090000000000000_MUR_1955  |7 0  |8 A  |9 314528  |a BIBEDU  |b BIBEDU  |d 2019-11-20  |i 4956907  |o 882.09 MUR 1955  |p 4956907  |r 2019-11-20  |w 2019-11-20  |y BK  |k LIT